Recopilación de materiales didácticos en educación indigena

Guardat en:
Dades bibliogràfiques
Autors principals: Amadio, Massimo (Autor), D'Emilio, Anna Lucía (Autor)
Format: Llibre
Idioma:espanyol
Publicat: Santiago Unesco 1990
Matèries:
Etiquetes: Afegir etiqueta
Sense etiquetes, Sigues el primer a etiquetar aquest registre!

MARC

LEADER 00000nam a2200000 a 4500
001 UCP2385
003 CL-VaPUC
008 990514e19900000CL |||||||||||||||||spa|d
082 0 4 |a 370.193  |b AMA  |2 21 
100 0 |a Amadio, Massimo  |e author  |9 429096 
700 0 |a D'Emilio, Anna Lucía  |e author  |9 429097 
245 1 0 |a Recopilación de materiales didácticos en educación indigena 
300 |a 176 p 
942 |c BK 
945 |d 19990514 00:00:00  |a rbrito 
260 |a Santiago  |b Unesco  |c 1990 
650 0 |a Educación rural   |9 308104 
650 0 |a Enseñanza de idiomas  |9 339820 
650 0 |a Métodos de enseñanza  |9 270413 
650 0 |a Etnolingüística  |9 341076 
583 |a last modification  |c 20170823 04:51:09  |k Rodrigo Vera 
999 |c 280923  |d 280921 
952 |0 0  |1 0  |4 0  |6 370_193000000000000_AMA_1990  |7 0  |8 A  |9 321461  |a BIBEDU  |b BIBEDU  |d 2019-11-20  |i 351756K  |o 370.193 AMA 1990  |p 351756K  |r 2019-11-20  |w 2019-11-20  |y BK  |k BME